Statistiche per Suddivisioni toponomastiche di Roma su una mappa

Clicka qui per fare il quiz!

Statistiche generali

  • Questo quiz è stato fatto 151 volte
  • Il punteggio medio è 28 su 122

Risposte nella Mappa

Le risposte nella mappa del quiz sottostante sono codificate secondo una scala di colori dal rosso al verde in base alla % di persone che hanno risposto correttamente.
 

Statistiche sulle risposte

GruppoNumeroNome% Corretto
ZoneZ. XXXVOstia Antica
84%
RioniR. XIIITrastevere
68%
RioniR. XVEsquilino
64%
QuartieriQ. IIParioli
61%
RioniR. IMonti
57%
ZoneZ. XXXVIIFiumicino
55%
QuartieriQ. XIXPrenestino-Centocelle
55%
RioniR. XXIIPrati
50%
ZoneZ. XXAeroporto di Ciampino
48%
QuartieriQ. IFlaminio
45%
RioniR. VPonte
41%
RioniR. XIXCelio
39%
SuburbiS. VIIIGianicolense
39%
QuartieriQ. XIIGianicolense
39%
QuartieriQ. XOstiense
39%
ZoneZ. LOttavia
36%
RioniR. IITrevi
36%
QuartieriQ. XIPortuense
34%
SuburbiS. VIIPortuense
34%
QuartieriQ. VIIPrenestino-Labicano
34%
QuartieriQ. XXXSan Basilio
34%
RioniR. XXTestaccio
34%
QuartieriQ. VITiburtino
34%
QuartieriQ. XVIITrieste
34%
QuartieriQ. VIIITuscolano
34%
ZoneZ. XXXIIAcilia Nord
32%
ZoneZ. XXXIIIAcilia Sud
32%
QuartieriQ. IXAppio-Latino
32%
RioniR. XVIIICastro Pretorio
32%
ZoneZ. XXXVIIIFregene
32%
SuburbiS. ITor di Quinto
32%
QuartieriQ. XVIIITor di Quinto
32%
RioniR. IIIColonna
30%
QuartieriQ. VNomentano
30%
QuartieriQ. IVSalario
30%
RioniR. XIVBorgo
27%
QuartieriQ. XXXIIEuropa
27%
QuartieriQ. XVIMonte Sacro
27%
QuartieriQ. XXVIIIMonte Sacro Alto
27%
QuartieriQ. XXIPietralata
27%
QuartieriQ. XXVIIPrimavalle
27%
RioniR. IXPigna
25%
RioniR. VIIRegola
25%
RioniR. XIIRipa
25%
RioniR. XISant'Angelo
25%
QuartieriQ. XXXIVLido di Ostia Levante
23%
QuartieriQ. XXXIIILido di Ostia Ponente
23%
RioniR. VIParione
23%
QuartieriQ. XXIXPonte Mammolo
23%
RioniR. XXISan Saba
23%
ZoneZ. XIIITorre Angela
23%
ZoneZ. XVTorre Maura
23%
RioniR. IVCampo Marzio
20%
ZoneZ. XLVIIICasalotti
20%
QuartieriQ. XXXIGiuliano-Dalmata
20%
ZoneZ. LVIILabaro
20%
ZoneZ. LILa Storta
20%
ZoneZ. XLunghezza
20%
RioniR. XVIISallustiano
20%
ZoneZ. LIIITomba di Nerone
20%
ZoneZ. VIIITor Sapienza
20%
SuburbiS. XTrionfale
20%
QuartieriQ. XIVTrionfale
20%
QuartieriQ. XXIIIAlessandrino
18%
QuartieriQ. XXArdeatino
18%
SuburbiS. IXAurelio
18%
QuartieriQ. XIIIAurelio
18%
ZoneZ. LIICesano
18%
QuartieriQ. XXIICollatino
18%
ZoneZ. LIVLa Giustiniana
18%
ZoneZ. XLMagliana Vecchia
18%
QuartieriQ. IIIPinciano
18%
RioniR. VIIISant'Eustachio
18%
ZoneZ. VISettecamini
18%
ZoneZ. XXXIXTor di Valle
18%
ZoneZ. XVIITorre Gaia
18%
ZoneZ. XVIIICapannelle
16%
ZoneZ. XXXIVCasal Palocco
16%
ZoneZ. XXXCastel Fusano
16%
QuartieriQ. XXIVDon Bosco
16%
RioniR. XVILudovisi
16%
ZoneZ. LVIIIPrima Porta
16%
ZoneZ. XIVBorghesiana
14%
RioniR. XCampitelli
14%
ZoneZ. XXIICecchignola
14%
QuartieriQ. XVDella Vittoria
14%
SuburbiS. XIDella Vittoria
14%
ZoneZ. LVIGrottarossa
14%
QuartieriQ. XXVAppio Claudio
11%
ZoneZ. XXIXCastel Porziano
11%
ZoneZ. XXXVIIsola Sacra
11%
QuartieriQ. XXXVLido di Castel Fusano
11%
ZoneZ. XLIIIMaccarese Nord
11%
ZoneZ. XLIIMaccarese Sud
11%
ZoneZ. XLIPonte Galeria
11%
ZoneZ. XISan Vittorino
11%
ZoneZ. VIITor Cervara
11%
ZoneZ. XIITorre Spaccata
11%
ZoneZ. XXITorricola
11%
ZoneZ. XXVIITorrino
11%
QuartieriQ. XXVIAppio-Pignatelli
9%
ZoneZ. IVCasal Boccone
9%
ZoneZ. XIXCasal Morena
9%
ZoneZ. IICastel Giubileo
9%
ZoneZ. LVIsola Farnese
9%
ZoneZ. XLIVLa Pisana
9%
ZoneZ. XXXIMezzocammino
9%
ZoneZ. XLIXSanta Maria di Galeria
9%
ZoneZ. XXVIIITor de' Cenci
9%
ZoneZ. XLVITorrimpietra
9%
ZoneZ. IVal Melaina
9%
ZoneZ. IXAcqua Vergine
7%
ZoneZ. XXVICastel di Decima
7%
ZoneZ. XLVCastel di Guido
7%
ZoneZ. XXIIICastel di Leva
7%
ZoneZ. XXIVFonte Ostiense
7%
ZoneZ. IIIMarcigliana
7%
ZoneZ. XLVIIPalidoro
7%
ZoneZ. LIXPolline Martignano
7%
ZoneZ. XVITorrenova
7%
ZoneZ. XXVVallerano
7%
ZoneZ. VTor San Giovanni
5%

Distribuzione punteggi

Percentile per numero di risposta

Percentuale di utenti per punteggio

I tuoi punteggi nel tempo

Non hai fatto questo quiz